Single pion Production in Intermediate Energy k+d Interactions / (Record no. 83526)
[ view plain ]
| 000 -LEADER | |
|---|---|
| fixed length control field | 00819nam a2200229 a 4500 |
| 001 - CONTROL NUMBER | |
| RUCL Control Number | 83526 |
| 003 - CONTROL NUMBER IDENTIFIER | |
| rucl marc code | BD-RjUL |
| 005 - DATE AND TIME OF LATEST TRANSACTION | |
| control field | 20240417123913.0 |
| 008 - FIXED-LENGTH DATA ELEMENTS--GENERAL INFORMATION | |
| fixed length control field | 240417s1972 us a|||| m||| 00| 0 eng d |
| 035 ## - SYSTEM CONTROL NUMBER | |
| system control number | (BD-RjUL)83526 |
| 040 ## - CATALOGING SOURCE | |
| Original cataloging agency | BD-RjUL |
| Language of cataloging | eng |
| Transcribing agency | BD-RjUL |
| Modifying agency | BD-RjUL |
| 041 ## - LANGUAGE CODE | |
| Language code of Book | eng |
| 082 ## - DEWEY DECIMAL CLASSIFICATION NUMBER | |
| DDC Edition number | 23 |
| Classification number | 539.7 |
| Author mark and Year | ISS 1972 |
| 100 ## - MAIN ENTRY--PERSONAL NAME | |
| Personal name | Islam, Abul Kalam Muhammad Azharul |
| 9 (RLIN) | 12603 |
| 245 10 - TITLE STATEMENT | |
| Title | Single pion Production in Intermediate Energy k+d Interactions / |
| Statement of responsibility, etc | By Abul Kalam Muhammad Azharul Islam ; |
| 260 ## - PUBLICATION, DISTRIBUTION, ETC. (IMPRINT) | |
| Place of publication, distribution, etc | Rajshahi : |
| Name of publisher, distributor, etc | Department of Physics, University of Rajshah, |
| Date of publication, distribution, etc | 1972 |
| 300 ## - PHYSICAL DESCRIPTION | |
| Pagination | 135, Leaves : |
| Other physical details | ill, ; |
| Dimensions | 29 cm. |
| 502 ## - DISSERTATION NOTE | |
| Dissertation note | Thesis (Ph. D.) -- Department of Physics, University of Rajshah, 1972 |
| 504 ## - BIBLIOGRAPHY, ETC. NOTE | |
| Bibliography, etc | References : Leaves 131-135 |
| 650 ## - SUBJECT ADDED ENTRY--TOPICAL TERM | |
| Topical term or geographic name as entry element | Production |
| Form subdivision | Modern Physics |
| 9 (RLIN) | 12604 |
| 942 ## - ADDED ENTRY ELEMENTS (KOHA) | |
| Source of classification or shelving scheme | Dewey Decimal Classification |
| Koha item type | Theses |
| Source of classification or shelving scheme | Damaged status | Not for loan | Collection code | Permanent Location | Current Location | Shelving location | Date of accession | Source of acquisition | Total Checkouts | Full call number | Barcode | Date last seen | Copy number | Thesis |
|---|---|---|---|---|---|---|---|---|---|---|---|---|---|---|
| Dewey Decimal Classification | Not For Loan | Theses | Central Library, University of Rajshahi | Central Library, University of Rajshahi | Documentation Section | 21/05/1992 | Controller of Exam. R. U. | THE 539.7 ISS 1972 | D1603 | 17/04/2024 | C-I | Theses |